| 000 | 00799nam a2200301Ia 4500 | ||
|---|---|---|---|
| 008 | 171120s9999 xx 000 0 und d | ||
| 020 | _a9748279626 | ||
| 050 | _a25.4 | ||
| 050 | _bG326 1998 | ||
| 100 | _aGenendran, Jacki | ||
| 245 | _aSubject access / | ||
| 245 | _cby Jacki Genendran. | ||
| 250 | _aSecond edition | ||
| 260 | _aUSA : | ||
| 260 | _bDocMatrix, | ||
| 260 | _c1998 | ||
| 300 | _a108 pages : | ||
| 300 | _billustrations ; | ||
| 300 | _c29cm. | ||
| 440 | _aLibrary education series. | ||
| 500 | _aIncludes glossary, bibliographic reference and index. | ||
| 650 | _aSubject cataloging -- | ||
| 650 | _aSubject cataloging. | ||
| 650 | _aSubject headings, Library of Congress. | ||
| 650 | _xProblems, exercises, etc. | ||
| 700 | _aSeries. | ||
| 700 | _aTitle. | ||
| 999 |
_c345028 _d345028 |
||